000 00702nam a2200229Ia 4500
001 21372
003 DO-CoUTE
005 20260204212611.0
008 220104s9999 dr 000 0 spa d
020 _a978-9945-412-64-2
040 _aDO-CoUTE
_bspa
_cDO-CoUTE
041 0 _aspa
082 _aRD 354.76 AL425m
100 1 _aAllen,Carl
245 1 0 _aEl metro y los impactos de la integración del sistema de transporte en santo domingo, República Domincana / Carl Allen
260 _aSanto domingo,República Dominicana : Funglode
300 _a82 páginas
490 _aSeries y reflexiones
942 _2ddc
_cBK
999 _c21070
_d21070